Statistics for Every Destiny's Child song that hit the Billboard hot 100

Click here to take the quiz!

General Stats

  • This quiz has been taken 84 times
  • The average score is 9 of 14

Answer Stats

Peak Chart PositionYearSong% Correct
22001Survivor
94%
12000Say My Name
89%
11999Bills, Bills, Bills
89%
12001Bootylicious
81%
32004Lose My Breath
69%
12000Independent Women Part I
64%
32005Soldier
64%
32000Jumpin', Jumpin'
63%
31998No, No, No
61%
102001Emotion
61%
232005Girl
61%
331999Bug A Boo
58%
142005Cater 2 U
47%
571998Just Be Straight With Me
5%

Score Distribution

Percentile by Number Answered

Percent of People with Each Score

Your Score History

You have not taken this quiz